000 00712nam a22001577a 4500
003 OSt
005 20151116085255.0
008 151116b xxu||||| |||| 00| 0 eng d
040 _cRUA
082 _aFOR ENG 2012 B141 Or1
100 _93692
_aENG PENGTHAN
245 _aStudy on situation carried out of agroforestry in choub commune, tbaung khmum district, kampong cham province; សិក្សាពីស្ដានភាពនៃការអនុវត្តន៍កសិរុក្ខកម្ម នៅឃុំជប់ ស្រុកត្បូងឃ្មុំ ខេត្តកំពង់ចាម.
260 _aPhnom Penh
_bRua
_c2012
300 _ax;45p.
_bill.
_c29cm.
942 _2ddc
_cFOR
999 _c3440
_d3440